[Event "Cappelle op 29th"]
[Site "Cappelle la Grande"]
[Date "2013.03.01"]
[Round "8"]
[White "Song, Julien"]
[Black "Hadet, Emmanuel"]
[Result "1-0"]
[WhiteElo "2422"]
[BlackElo "1959"]
[PlyCount "131"]
[EventDate "2013.02.23"]
[EventType "swiss"]
[EventRounds "9"]
[EventCountry "FRA"]
[SourceTitle "CBM 153 Extra"]
[Source "ChessBase"]
[SourceDate "2013.04.22"]
[SourceVersion "1"]
[SourceVersionDate "2013.04.22"]
[SourceQuality "1"]

1. d4 Nf6 2. c4 e6 3. Nf3 Nc6 4. a3 d6 5. Nc3 g6 6. Bg5 Bg7 7. e3 h6 8. Bh4 Ne7 9. Be2 Nf5 10. Bxf6 Qxf6 11. Nb5 Qd8 12. e4 Ne7 13. 0-0 0-0 14. Qc2 a6 15. Nc3 c5 16. Rad1 cxd4 17. Nxd4 Qc7 18. Qd2 Rd8 19. Nf3 Nc6 20. b4 b6 21. Rc1 Bb7 22. Qe3 Rab8 23. Rfd1 Ne7 24. h4 a5 25. Nd4 axb4 26. axb4 Ba8 27. Ndb5 Qc6 28. Bf1 Rd7 29. f3 Rbd8 30. Na4 Nc8 31. Nbc3 Qb7 32. Rd2 Qb8 33. Rcd1 Bc6 34. b5 Ba8 35. f4 Qb7 36. Be2 Qc7 37. h5 gxh5 38. Qh3 d5 39. exd5 exd5 40. cxd5 Qxf4 41. Bxh5 Re7 42. Qf3 Qh4 43. g3 Qg5 44. Ne4 Qe5 45. Nec3 Qg5 46. Re2 Rde8 47. Bxf7+ Rxf7 48. Rxe8+ Bf8 49. Qd3 Qg4 50. Rf1 Rxf1+ 51. Kxf1 Kg7 52. Ne4 Qf5+ 53. Nf2 Qf7 54. Rxc8 Bxd5 55. Nxb6 Bb7 56. Rxf8 Kxf8 57. Qd8+ Kg7 58. Qd7 Qxd7 59. Nxd7 Kg6 60. Nc5 Bf3 61. b6 Kf5 62. b7 Bxb7 63. Nxb7 h5 64. Kg2 h4 65. g4+ Kf4 66. Kh3 1-0

[Event "Le Touquet op 25th"]
[Site "Le Touquet"]
[Date "2010.10.26"]
[Round "5"]
[White "Renard, Stephane"]
[Black "Hadet, Emmanuel"]
[Result "1-0"]
[WhiteElo "1978"]
[BlackElo "2010"]
[PlyCount "71"]
[EventDate "2010.10.22"]
[EventType "swiss"]
[EventRounds "9"]
[EventCountry "FRA"]
[SourceTitle "EXT 2020"]
[Source "ChessBase"]
[SourceDate "2019.10.17"]
[SourceVersion "1"]
[SourceVersionDate "2019.10.17"]
[SourceQuality "1"]

1. d4 Nf6 2. Nf3 e6 3. e3 c5 4. Bd3 d5 5. b3 Nbd7 6. 0-0 Be7 7. Bb2 0-0 8. Nbd2 b6 9. Ne5 Bb7 10. Qf3 Nxe5 11. dxe5 Nd7 12. Qh3 g6 13. f4 Re8 14. f5 Bf8 15. f6 Qc7 16. Rf4 Nxe5 17. Rh4 h5 18. Rxh5 gxh5 19. Qg3+ Ng4 20. Qxc7 Bh6 21. Qxb7 Bxe3+ 22. Kf1 Bxd2 23. h3 Nh2+ 24. Kf2 Bf4 25. g3 Rab8 26. Qa6 Bd6 27. Kg2 h4 28. Kxh2 Bxg3+ 29. Kh1 e5 30. Rg1 e4 31. Bf1 e3 32. Qe2 Re4 33. Qh5 Rd8 34. Qg5+ Kf8 35. Qg7+ Ke8 36. Bb5+ 1-0

[Event "LSS ST-2009-0-00048"]
[Site "LSS email"]
[Date "2009.05.13"]
[Round "?"]
[White "Hadet, Emmanuel"]
[Black "Szabo, Vilmos"]
[Result "1/2-1/2"]
[WhiteElo "2503"]
[BlackElo "2339"]
[PlyCount "189"]
[EventDate "2009.02.18"]
[EventType "tourn (corr)"]
[EventRounds "6"]
[EventCountry "GER"]
[SourceTitle "Telechess CBM 141"]
[Source "ChessBase"]
[SourceDate "2011.03.17"]
[SourceVersion "1"]
[SourceVersionDate "2011.03.17"]
[SourceQuality "1"]

1. d4 Nf6 2. c4 e6 3. Nf3 b6 4. a3 Ba6 5. Qc2 Bb7 6. Nc3 c5 7. e4 cxd4 8. Nxd4 Bc5 9. Nb3 Nc6 10. Nxc5 Nd4 11. Qd1 bxc5 12. Be3 e5 13. Bd3 Qe7 14. 0-0 0-0 15. b4 cxb4 16. axb4 Qxb4 17. Qd2 Qd6 18. Rfb1 Bc6 19. f3 a6 20. Nd5 Bxd5 21. cxd5 Rfb8 22. Bxd4 exd4 23. Rc1 a5 24. Rc4 Qb6 25. Rca4 Kf8 26. Rxa5 Rxa5 27. Rxa5 d6 28. Ra6 Qc5 29. Rc6 Qa3 30. Bf1 Qa7 31. h3 h6 32. Qd3 Ke7 33. Qc4 Ne8 34. Ra6 Qc5 35. Qxc5 dxc5 36. e5 Rb4 37. d6+ Ke6 38. f4 g5 39. g3 gxf4 40. gxf4 c4 41. f5+ Kxf5 42. d7 Rb8 43. dxe8Q Rxe8 44. Bxc4 Kxe5 45. Kf2 Rc8 46. Bd3 Rc3 47. Ra5+ Kf6 48. Ke2 Rc1 49. Rf5+ Kg7 50. Rf4 Rh1 51. h4 Rh3 52. Rxd4 Rh2+ 53. Kf3 Ra2 54. Rg4+ Kf8 55. Bc4 Ra5 56. Rf4 Ra7 57. Ke4 Kg7 58. h5 Re7+ 59. Kf5 Re3 60. Rf1 Re7 61. Rg1+ Kf8 62. Rd1 Kg7 63. Ra1 Rc7 64. Bd5 Rc2 65. Rg1+ Kf8 66. Rf1 Kg7 67. Ke5 Rc7 68. Rg1+ Kf8 69. Rb1 Kg7 70. Ra1 Rc2 71. Rg1+ Kf8 72. Rg3 Rc7 73. Rb3 Kg7 74. Ra3 Rc1 75. Rg3+ Kf8 76. Rf3 Rc7 77. Kf6 Rd7 78. Bb3 Rd6+ 79. Ke5 Rd7 80. Bc4 Rc7 81. Bd5 Re7+ 82. Kd4 Rc7 83. Rf6 Kg7 84. Rf4 Re7 85. Bf3 Rd7+ 86. Kc5 Re7 87. Rf5 Re6 88. Bd1 Rf6 89. Rd5 Rf4 90. Rd3 Kf6 91. Kd6 Rf5 92. Rd4 Rf2 93. Kd7 Rf5 94. Ke8 Kg7 95. Rd7 1/2-1/2

[Event "Angers op 3rd"]
[Site "Angers"]
[Date "2008.04.26"]
[Round "4"]
[White "Hadet, Emmanuel"]
[Black "Relaix, Gildas"]
[Result "1-0"]
[WhiteElo "2010"]
[BlackElo "1820"]
[PlyCount "70"]
[EventDate "2008.04.25"]
[EventType "swiss"]
[EventRounds "6"]
[EventCountry "FRA"]
[SourceTitle "CBM 123 Extra"]
[Source "ChessBase"]
[SourceDate "2008.05.06"]
[SourceVersion "1"]
[SourceVersionDate "2008.05.06"]
[SourceQuality "1"]

1. Nf3 d5 2. c4 c6 3. b3 e6 4. Bb2 Nf6 5. g3 Nbd7 6. Bg2 Bd6 7. 0-0 0-0 8. d4 b6 9. Nbd2 Bb7 10. Qc2 Rc8 11. e4 dxe4 12. Ng5 c5 13. Ndxe4 Nxe4 14. Nxe4 Be7 15. Rad1 Qc7 16. d5 exd5 17. cxd5 Bd6 18. Ng5 g6 19. f4 Rfe8 20. Qc3 f6 21. Ne6 Qb8 22. h4 c4 23. bxc4 Ba6 24. Qf3 Rxc4 25. Rfe1 Rc2 26. Bd4 Qc8 27. h5 Nc5 28. hxg6 hxg6 29. Qg4 Nxe6 30. dxe6 Kg7 31. Be4 Rxe6 32. Qxg6+ Kf8 33. Qh6+ Ke7 34. Qh7+ Ke8 35. Bxc2 Be7 1-0

[Event "Angers op 3rd"]
[Site "Angers"]
[Date "2008.04.26"]
[Round "3"]
[White "Lucas, Michel"]
[Black "Hadet, Emmanuel"]
[Result "0-1"]
[WhiteElo "1749"]
[BlackElo "2010"]
[PlyCount "92"]
[EventDate "2008.04.25"]
[EventType "swiss"]
[EventRounds "6"]
[EventCountry "FRA"]
[SourceTitle "CBM 123 Extra"]
[Source "ChessBase"]
[SourceDate "2008.05.06"]
[SourceVersion "1"]
[SourceVersionDate "2008.05.06"]
[SourceQuality "1"]

1. g3 d5 2. Bg2 e5 3. Nf3 Bd6 4. d3 c6 5. 0-0 Bg4 6. h3 Bh5 7. c4 Nf6 8. Re1 0-0 9. cxd5 cxd5 10. Qb3 Qe7 11. Bg5 Rd8 12. Nc3 Bb4 13. Bxf6 gxf6 14. Nxd5 Rxd5 15. Qxd5 Bxe1 16. Rxe1 Nc6 17. a3 Rd8 18. Qe4 Bg6 19. Qe3 Kg7 20. Rc1 Rd7 21. Nh4 Nd4 22. Nxg6 fxg6 23. Rc8 Rc7 24. Rxc7 Qxc7 25. Qd2 b6 26. Kh2 g5 27. e3 Nf5 28. Be4 Nd6 29. Bf3 Nf5 30. Bg4 Nh6 31. Bf3 Nf5 32. Be4 Nd6 33. Bg2 h5 34. Bf3 h4 35. d4 e4 36. Bd1 Nf5 37. Qe1 hxg3+ 38. fxg3 Qc1 39. Qe2 Nxe3 40. Bb3 Kh6 41. g4 Nf1+ 42. Kg2 Nd2 43. Be6 Qxb2 44. h4 Qxd4 45. hxg5+ Kxg5 46. Qe1 Nf3 0-1

[Event "LSS WC-2009-T-00006"]
[Site "LSS email"]
[Date "2008.04.15"]
[Round "?"]
[White "Skeels, Jim"]
[Black "Hadet, Emmanuel"]
[Result "0-1"]
[WhiteElo "2334"]
[BlackElo "2437"]
[PlyCount "88"]
[EventDate "2008.04.15"]
[EventType "tourn (corr)"]
[EventRounds "10"]
[EventCountry "GER"]
[SourceTitle "Corr 2011"]
[Source "ChessBase"]
[SourceDate "2010.08.31"]
[SourceVersion "1"]
[SourceVersionDate "2010.08.31"]
[SourceQuality "1"]

1. Nf3 Nf6 2. g3 d5 3. Bg2 c6 4. 0-0 Bg4 5. d3 Nbd7 6. Nbd2 e5 7. e4 dxe4 8. dxe4 Bc5 9. h3 Bh5 10. Qe1 0-0 11. Nc4 Re8 12. a4 b5 13. Na5 Qc7 14. Nh4 Bb6 15. Nb3 a5 16. Bg5 h6 17. Bd2 Nf8 18. g4 Bg6 19. Qe2 Bh7 20. Nf5 Ne6 21. c4 b4 22. Qf3 Bxf5 23. gxf5 Nd4 24. Nxd4 Bxd4 25. Qg3 Kh7 26. Rab1 Qe7 27. b3 Rad8 28. Rbd1 Nd7 29. Kh2 Nc5 30. Rg1 Qf6 31. Qf3 Qh4 32. Rgf1 Rd7 33. Rb1 Red8 34. Qg4 Qxg4 35. hxg4 Bxf2 36. Bxb4 Bg3+ 37. Kxg3 axb4 38. g5 Rd3+ 39. Kg4 Nxb3 40. Rf3 Rxf3 41. Bxf3 Rd3 42. Be2 Re3 43. Bd1 Nd2 44. Rxb4 Re1 0-1

[Event "LSS ST-2008-0-00028"]
[Site "LSS email"]
[Date "2008.02.20"]
[Round "?"]
[White "Tasic, Vladimir"]
[Black "Hadet, Emmanuel"]
[Result "1/2-1/2"]
[WhiteElo "2491"]
[BlackElo "2426"]
[PlyCount "49"]
[EventDate "2008.02.19"]
[EventType "tourn (corr)"]
[EventRounds "6"]
[EventCountry "GER"]
[SourceTitle "Corr 2013"]
[Source "ChessBase"]
[SourceDate "2012.11.12"]
[SourceVersion "1"]
[SourceVersionDate "2012.11.12"]
[SourceQuality "1"]
[WhiteTeam "US of America"]
[BlackTeam "US of America"]
[WhiteTeamCountry "USA"]
[BlackTeamCountry "USA"]

1. Nf3 Nf6 2. g3 d5 3. Bg2 c6 4. 0-0 Bg4 5. d3 Nbd7 6. Nbd2 e5 7. h3 Bh5 8. e4 dxe4 9. dxe4 Qc7 10. Qe1 a5 11. Nh4 Bc5 12. Nb3 Bb6 13. a4 0-0 14. Qc3 Rfd8 15. Re1 Nf8 16. Bg5 Ne6 17. Bxf6 gxf6 18. Nf5 Bg6 19. Qf3 Bxf5 20. Qxf5 c5 21. c4 Rd6 22. Red1 Nd4 23. Nxd4 cxd4 24. b3 d3 25. Rd2 1/2-1/2

[Event "Le Touquet op 22nd"]
[Site "Le Touquet"]
[Date "2007.10.27"]
[Round "1"]
[White "Handke, Florian"]
[Black "Hadet, Emmanuel"]
[Result "1-0"]
[WhiteElo "2497"]
[BlackElo "2018"]
[PlyCount "63"]
[EventDate "2007.10.27"]
[EventType "swiss"]
[EventRounds "9"]
[EventCountry "FRA"]
[SourceTitle "EXT 2008"]
[Source "ChessBase"]
[SourceDate "2007.11.25"]
[SourceVersion "1"]
[SourceVersionDate "2007.11.25"]
[SourceQuality "1"]

1. e4 c5 2. Nf3 Nc6 3. Bb5 e6 4. 0-0 Nge7 5. Re1 Qc7 6. c3 a6 7. Bf1 Ng6 8. d4 d6 9. Na3 Be7 10. d5 Nb8 11. dxe6 Bxe6 12. Ng5 b5 13. Nxe6 fxe6 14. Nc2 0-0 15. a4 bxa4 16. Ne3 Kh8 17. Rxa4 Nc6 18. g3 a5 19. Bh3 Qd7 20. f4 Nxf4 21. gxf4 Rxf4 22. Nf5 Rxf5 23. exf5 exf5 24. Qd5 Rf8 25. Bf4 Nb4 26. cxb4 Qxa4 27. Rxe7 Qa1+ 28. Bf1 Qxb2 29. bxa5 Qb4 30. Qf7 Rg8 31. Re8 Qd4+ 32. Kh1 1-0

[Event "LSS CP-2007-P-00017"]
[Site "LSS email"]
[Date "2007.10.01"]
[Round "?"]
[White "Bonehill, Andrew J"]
[Black "Hadet, Emmanuel"]
[Result "1/2-1/2"]
[WhiteElo "2225"]
[BlackElo "2411"]
[PlyCount "78"]
[EventDate "2007.10.01"]
[EventType "tourn (corr)"]
[EventRounds "6"]
[EventCountry "GER"]
[SourceTitle "Corr 2011"]
[Source "ChessBase"]
[SourceDate "2010.08.31"]
[SourceVersion "1"]
[SourceVersionDate "2010.08.31"]
[SourceQuality "1"]

1. d4 Nf6 2. c4 e6 3. Nf3 b6 4. g3 Ba6 5. b3 Bb4+ 6. Bd2 Be7 7. Nc3 0-0 8. Rc1 Ba3 9. Rc2 Nc6 10. Nb1 Be7 11. Bg2 Nb4 12. Rb2 c5 13. 0-0 d5 14. Ne5 Rc8 15. a3 Nc6 16. Nxc6 Rxc6 17. Bc3 Qc8 18. dxc5 Rxc5 19. Bd4 Rc7 20. Be5 Rd7 21. cxd5 Nxd5 22. Rc2 Qa8 23. Qc1 Rfd8 24. Nc3 Bb7 25. Nxd5 Bxd5 26. Rd1 Qb7 27. Bxd5 Rxd5 28. Rcd2 h5 29. b4 h4 30. f3 f6 31. Bf4 Rc8 32. Qb2 Rxd2 33. Qxd2 Rd8 34. Qc2 Rxd1+ 35. Qxd1 hxg3 36. hxg3 Kf7 37. Qd3 a5 38. Bd2 axb4 39. Bxb4 Bc5+ 1/2-1/2

[Event "Avoine op 22nd"]
[Site "Avoine"]
[Date "2007.07.28"]
[Round "8"]
[White "Hadet, Emmanuel"]
[Black "Marie, Maxime"]
[Result "0-1"]
[WhiteElo "1996"]
[BlackElo "2226"]
[PlyCount "70"]
[EventDate "2007.07.21"]
[EventType "swiss"]
[EventRounds "9"]
[EventCountry "FRA"]
[SourceTitle "EXT 2010"]
[Source "ChessBase"]
[SourceDate "2010.11.25"]
[SourceVersion "1"]
[SourceVersionDate "2010.11.25"]
[SourceQuality "1"]

1. Nf3 Nf6 2. c4 e6 3. Nc3 b6 4. g3 Bb7 5. Bg2 c5 6. 0-0 Be7 7. Re1 d6 8. e4 Nbd7 9. d4 cxd4 10. Nxd4 0-0 11. e5 dxe5 12. Bxb7 exd4 13. Bxa8 Qxa8 14. Qxd4 Bc5 15. Qh4 Qf3 16. Be3 Ng4 17. Bxc5 Nxc5 18. Re2 Nd3 19. Rf1 Nde5 20. Rxe5 Nxe5 21. Qd4 Qh5 22. f4 Nf3+ 23. Rxf3 Qxf3 24. Ne4 h6 25. b4 Qa3 26. g4 Qxb4 27. g5 Qe1+ 28. Kg2 Qe2+ 29. Kg3 hxg5 30. fxg5 Rc8 31. c5 bxc5 32. Qe5 Qd3+ 33. Kh4 Rd8 34. g6 Qxe4+ 35. Qxe4 Rd4 0-1

[Event "Avoine op 22nd"]
[Site "Avoine"]
[Date "2007.07.27"]
[Round "7"]
[White "Roger, Mehdi"]
[Black "Hadet, Emmanuel"]
[Result "0-1"]
[WhiteElo "2208"]
[BlackElo "1996"]
[PlyCount "126"]
[EventDate "2007.07.21"]
[EventType "swiss"]
[EventRounds "9"]
[EventCountry "FRA"]
[SourceTitle "EXT 2010"]
[Source "ChessBase"]
[SourceDate "2010.11.25"]
[SourceVersion "1"]
[SourceVersionDate "2010.11.25"]
[SourceQuality "1"]

1. e4 c5 2. Nc3 Nc6 3. Nge2 Nf6 4. g3 d5 5. exd5 Nxd5 6. Bg2 Nxc3 7. Nxc3 Bf5 8. Bxc6+ bxc6 9. d3 e6 10. Be3 Be7 11. f3 Rb8 12. Rb1 Qa5 13. Bd2 Qa6 14. b3 0-0 15. Qe2 c4 16. dxc4 Bxc2 17. Rc1 Bg6 18. Na4 Rfd8 19. Kf2 Rd7 20. Bc3 Rbd8 21. Rcd1 Qc8 22. Ba5 Rxd1 23. Rxd1 Rd7 24. Bc3 Kf8 25. Ke1 f6 26. f4 Ke8 27. Rd2 Rxd2 28. Qxd2 c5 29. Kd1 Qd7 30. Qxd7+ Kxd7 31. Bd2 Kc6 32. Be3 a6 33. Kd2 h5 34. Kc3 Bd6 35. Nb2 e5 36. Nd3 exf4 37. Nxf4 Be5+ 38. Kd2 Bf7 39. Nd3 Bd6 40. Bf4 Be7 41. h4 Be6 42. Ke2 Bg4+ 43. Kd2 Bf5 44. Nc1 g5 45. hxg5 fxg5 46. Be5 h4 47. gxh4 gxh4 48. Ne2 Bg5+ 49. Kc3 Bg4 50. Kd3 Bf5+ 51. Kc3 Be3 52. Nf4 Bf2 53. Nh5 Bg1 54. a3 Bg4 55. Nf6 Bf3 56. Ng8 Kd7 57. Bf4 h3 58. b4 h2 59. Bxh2 Bxh2 60. Kb3 Bd1+ 61. Ka2 Be5 62. Nh6 Kc6 63. bxc5 Kxc5 0-1